Manejo de pastizales en la ganadería extensiva / (Record no. 218145)
[ view plain ]
| 000 -CABECERA | |
|---|---|
| campo de control de longitud fija | 00752 a2200229 4500 |
| 003 - IDENTIFICADOR DEL NÚMERO DE CONTROL | |
| campo de control | OSt |
| 005 - FECHA Y HORA DE LA ÚLTIMA TRANSACCIÓN | |
| campo de control | 20250926062753.0 |
| 008 - DATOS DE LONGITUD FIJA--INFORMACIÓN GENERAL | |
| campo de control de longitud fija | 230620s2017 mx a||||r|||| 00| 0 spa d |
| 020 ## - NÚMERO INTERNACIONAL ESTÁNDAR DEL LIBRO | |
| Número Internacional Estándar del Libro | 9786071730282 |
| 040 ## - FUENTE DE LA CATALOGACIÓN | |
| Centro/agencia transcriptor | CHAP |
| 082 00 - NÚMERO DE LA CLASIFICACIÓN DECIMAL DEWEY | |
| Número de edición | 22 |
| Número de clasificación | 633.2 |
| Número de documento/Ítem | H56 |
| 100 1# - ENTRADA PRINCIPAL--NOMBRE DE PERSONA | |
| 9 (RLIN) | 187442 |
| Nombre de persona | Herrera Arreola, Guillermo |
| 245 10 - MENCIÓN DE TÍTULO | |
| Título | Manejo de pastizales en la ganadería extensiva / |
| Mención de responsabilidad, etc. | por Guillermo Herrera Arreola. |
| 264 #1 - PRODUCCIÓN, PUBLICACIÓN, DISTRIBUCIÓN, FABRICACIÓN Y COPYRIGHT | |
| Producción, publicación, distribución, fabricación y copyright | Ciudad de México : |
| Nombre del de productor, editor, distribuidor, fabricante | Trillas, |
| Fecha de producción, publicación, distribución, fabricación o copyright | 2017. |
| 300 ## - DESCRIPCIÓN FÍSICA | |
| Extensión | 254 páginas: |
| Otras características físicas | tablas, figuras. |
| 504 ## - NOTA DE BIBLIOGRAFÍA, ETC. | |
| Nota de bibliografía, etc. | Incluye bibliografía. |
| 650 #4 - PUNTO DE ACCESO ADICIONAL DE MATERIA--TÉRMINO DE MATERIA | |
| 9 (RLIN) | 142595 |
| Término de materia o nombre geográfico como elemento de entrada | Manejo de pastizales |
| 650 #4 - PUNTO DE ACCESO ADICIONAL DE MATERIA--TÉRMINO DE MATERIA | |
| 9 (RLIN) | 86122 |
| Término de materia o nombre geográfico como elemento de entrada | Pastos forrajeros |
| Subdivisión general | Valor nutritivo |
| 650 #7 - PUNTO DE ACCESO ADICIONAL DE MATERIA--TÉRMINO DE MATERIA | |
| Término de materia o nombre geográfico como elemento de entrada | Pastos forrajeros |
| Subdivisión general | Rendimiento |
| Fuente del encabezamiento o término | |
| 9 (RLIN) | 86118 |
| 650 #4 - PUNTO DE ACCESO ADICIONAL DE MATERIA--TÉRMINO DE MATERIA | |
| 9 (RLIN) | 44941 |
| Término de materia o nombre geográfico como elemento de entrada | Ganado |
| Subdivisión general | Pastoreo |
| 942 ## - ELEMENTOS DE PUNTO DE ACCESO ADICIONAL (KOHA) | |
| Tipo de ítem Koha | |
| Fuente del sistema de clasificación o colocación | Dewey Decimal Classification |
| Estado de retiro | Estado de pérdida | Fuente del sistema de clasificación o colocación | Estado dañado | Restricciones de uso | No para préstamo | Código de colección | Localización permanente | Ubicación/localización actual | Ubicación en estantería | Fecha de adquisición | Total de préstamos | Signatura topográfica completa | Código de barras | Fecha visto por última vez | Fecha del último préstamo | Precio válido a partir de | Tipo de ítem Koha | Renovaciones totales | Número de copia |
|---|---|---|---|---|---|---|---|---|---|---|---|---|---|---|---|---|---|---|---|
| Dewey Decimal Classification | Préstamo 15 días | General | Biblioteca Central | Biblioteca Central | Planta principal - Colección General | 20/06/2023 | 2 | 633.2 H56 | 33724002576314 | 24/06/2025 | 08/06/2025 | 20/06/2023 | Libro | ||||||
| Dewey Decimal Classification | Préstamo 15 días | General | Biblioteca Central | Biblioteca Central | Planta principal - Colección General | 20/06/2023 | 1 | 633.2 H56 | 33724002576272 | 28/11/2025 | 06/11/2025 | 20/06/2023 | Libro | 1 | c.2 |
